| 000 | 00662nam a2200205Ii 4500 | ||
|---|---|---|---|
| 003 | JO-AjNU | ||
| 008 | 230605s9999||||xx |||||||||||||| ||und|| | ||
| 017 | _a2008/10728 | ||
| 040 |
_aJO-AjNU _bara _erda _cJO-AjNU |
||
| 041 | _aara | ||
| 050 | 1 | 4 | _aHF5415.5.A4492.2009 |
| 100 | 3 |
_aعلي،علاء عباس, _eauthor _932643 |
|
| 245 | 0 | 0 | _aولاء المستهلك كيفية تحقيقه والحفاظ عليه |
| 264 | 3 | 1 | _aالاسكندرية:الدار الجامعية ؛2009 |
| 300 | _a268ص | ||
| 336 |
_atext _btxt _2rdacontent |
||
| 337 |
_aunmediated _bn _2rdamedia |
||
| 338 |
_avolume _bnc _2rdacarrier |
||
| 650 | 4 |
_aالمستهلك _932644 |
|
| 999 |
_aA13203 _c16771 _d16771 |
||